Countries that Visit Spain the Most - Statistics

General Stats
  • This quiz has been taken 677 times
  • The average score is 15 of 18
Answer Stats
Rank Country # of visitors % Correct
1 United Kingdom 17,840,292
99%
2 France 11,371,209
98%
7 United States 2,001,204
98%
3 Germany 11,188,523
97%
4 Italy 3,993,289
96%
8 Portugal 1,994,266
95%
5 Netherlands 3,371,811
88%
6 Belgium 2,309,535
85%
15 Mexico 1,493,677
85%
16 Poland 1,452,000
85%
11 Sweden 1,666,400
85%
9 Ireland 1,820,699
82%
17 Brazil 1,169,744
81%
10 Switzerland 1,728,569
81%
12 Argentina 1,590,877
79%
14 Colombia 1,521,991
73%
13 Romania 1,524,683
50%
18 Ecuador 998,065
42%
No matching quizzes found
Score Distribution
Percent of People with Each Score
Percentile by Number Answered
Your Score History
You have not taken this quiz